| 000 | 00470nam a22001817a 4500 | ||
|---|---|---|---|
| 003 | CEME | ||
| 005 | 20210628203031.0 | ||
| 008 | 210120b xxu||||| |||| 00| 0 eng d | ||
| 020 | _a81-307-0607-5 | ||
| 040 | _c. | ||
| 082 | _a131 BOR | ||
| 100 |
_aBoring, Edwin. G _962963 |
||
| 245 | _aA history of experimental psychology | ||
| 260 |
_aNEW DELHI _bCOSMO PUBLICATIONS _c2007 |
||
| 300 | _aXVI,699 P | ||
| 650 |
_aEXPERIMENTAL PSYCHOLOGY _962964 |
||
| 942 |
_cBK _2ddc |
||
| 999 |
_c571907 _d571907 |
||